| 000 | 01087cad a22002415a 4500 | ||
|---|---|---|---|
| 001 | E150165 | ||
| 008 | 100609s2010 xxk f s000 0 eng d | ||
| 020 | _a9780755993819 | ||
| 035 | _a(Sirsi) u150165 | ||
| 041 | 0 | _aeng | |
| 100 | 2 | _aMonk, Sarah | |
| 245 | 0 | 0 |
_aWhat does the literature tell us about the social and economic impact of housing? _breport to the Scottish Government, Communities Analytical Services _h[electronic resource] |
| 260 |
_aEdinburgh _bScottish Government _c2010 |
||
| 520 | _aA review of current literature related to the social and economic impact of housing. The literature review is part of a larger review which looks at the links between the Scottish housing sector and the economy. | ||
| 521 | _aAdvance | ||
| 590 | _aKA | ||
| 651 | 4 |
_aScotland _y1999- |
|
| 690 | _aPROPERTY-RESIDENTIAL PROPERTY-DOMESTIC RESIDENTIAL PROPERTY-HOUSING | ||
| 700 | 1 | _aTang, Connie | |
| 700 | 1 | _aWhitehead, Christine | |
| 856 | 4 | 0 |
_uhttps://www.scotland.gov.uk/Publications/2010/06/01113008/0 _zView the report free of charge at www.scotland.gov.uk... |
| 942 | _n0 | ||
| 999 |
_c110765 _d110765 |
||